Spell the Marvel Character #381 - Statistics

General Stats
  • This quiz has been taken 14 times
  • The average score is 7 of 10
Answer Stats
Picture Answer % Correct
Iron Man
100%
Nick Fury
92%
Okoye
92%
Arana
85%
Namor the Sub-Mariner
85%
Union Jack
77%
U.S. Agent
77%
Karma
69%
Justice
54%
Cloud 9
15%
No matching quizzes found
Score Distribution
Percent of People with Each Score
Percentile by Number Answered
Your Score History
You have not taken this quiz